000 00417nam a2200181Ia 4500
008 210210b1913 xxu||||| |||| 00| 0 eng d
041 _aeng
082 _a320/359
100 _aMAC CUNN (J)
245 _aPolitical philosophy of Burke
260 _a
_bNot Mentioned
_c1913
650 _aPolitical
650 _aphilosophy
650 _aof
650 _aBurke
690 _aPolitical Science
906 _a003005
999 _c118335
_d118335